| 000 | 00649nam a22002177a 4500 | ||
|---|---|---|---|
| 003 | OSt | ||
| 005 | 20251003020003.0 | ||
| 008 | 150707b xxu||||| |||| 00| 0 eng d | ||
| 020 | _a9781451146653 | ||
| 040 | _cDNLM | ||
| 082 | _aWY150 H592b 2014 | ||
| 100 |
_aHinkle, Janice; Cheever, Kerry H. _95495 |
||
| 245 | _aBrunner & Suddarth's Textbook of Medical-Surgical Nursing | ||
| 250 | _a13th ed. | ||
| 260 |
_aPhiladelphia; _bWolters kluwer, _c2014 |
||
| 300 |
_axxxix,2170p; _bcol.ill: _c28.5cm |
||
| 504 | _aReferences,& index included | ||
| 650 |
_aMedical surgical nursing _95496 |
||
| 650 |
_aNursing surgery _95497 |
||
| 942 |
_2z _cO_SHELF _01 |
||
| 999 |
_c2132 _d2132 |
||